Anciens noms de pays n°3 - Statistiques

Statistiques générales
  • Ce quiz a été pris 198 fois
  • Le résultat moyen est 11 sur 20
Statistiques - réponses
Nom ancien nom maintenant % Correct
Guinée française Guinée
93%
Guyane britannique Guyana
89%
République démocratique malgache Madagascar
88%
Somalie italienne Somalie
83%
Guinée portugaise Guinée-Bissau
82%
Transjordanie Jordanie
82%
Angkor Cambodge
78%
Honduras britannique Belize
76%
Indes orientales néerlandaises Indonesie
73%
Côte française des Somalis Djibouti
72%
Dahomey Benin
55%
Albion Grande-Bretagne
52%
Cyrénaïque italienne Libye
49%
Dynastie Konbaung Birmanie
34%
Basutoland Lesotho
33%
Gorkhali Nepal
28%
Terra de Santa Cruz Bresil
24%
Royaume de Tungning Taiwan
19%
Alashiya Chypre
17%
États de la Trêve Emirats Arabes Unis
13%
Aucun quiz correspondant
Distribution des résultats
% des personnes avec chaque résultat
Percentile par nombre de réponses
Votre historique - résultats
Vous n’avez pas pris ce quiz